Statistics for Footballer Career Path #3

Click here to take the quiz!

General Stats

  • This quiz has been taken 172 times
  • The average score is 24 of 40

Answer Stats

Answer% Correct
Dries Mertens
91%
David Silva
86%
Julian Draxler
83%
Raul
83%
Michy Batshuayi
82%
Giorgio Chiellini
77%
Jude Bellingham
77%
Emmanuel Adebayor
75%
Arturo Vidal
74%
Sebastien Haller
74%
Marco Reus
72%
Peter Crouch
70%
Alessandro Del Piero
69%
Dimitri Payet
69%
Lucas Leiva
69%
Eric Cantona
68%
Antonio Di Natale
66%
Marek hamsik
66%
Javier Pastore
65%
Alex Telles
64%
Tim Howard
59%
Alf Inge Haaland
57%
Djibril Cisse
56%
David Ospina
55%
Julio Cesar
55%
Jose Fonte
54%
Patrick Bamford
53%
Gerard Deulofeu
51%
Nuri Sahin
50%
Paco Alcacer
49%
Thorgan Hazard
49%
Andy Carroll
45%
Hatem Ben Arfa
45%
Keisuke Honda
45%
Iker Muniain
44%
Guillermo Ochoa
43%
Yossi Benayoun
42%
Siphiwe Tshabalala
31%
Luis Garcia
22%
Bryan Ruiz
17%

Score Distribution

Percentile by Number Answered

Percent of People with Each Score

Your Score History

You have not taken this quiz